4D брэндинг. Взламывая корпоративный код сетевой экономики: пер. с англ.

Библиографические подробности
Главный автор: Гэд Т. Томас
Другие авторы: Брэнсон Р. Ричард (автор предисловия)
Примечания:Книга предлагает революционную четырехмерную модель для понимания сильных и слабых сторон брэнда. Ее можно использовать для создания нового брэнда и анализа существующих. Модель позволяет компаниям разработать собственный уникальный Брэнд-код или Мыслительное поле брэнда, уникальную корпоративную ДНК, чтобы потом использовать это для управления каждым аспектом бизнеса - от производственных инноваций до рекрутмента.
Язык:русский
Опубликовано: СПб., Изд-во Стокгольмской школы экономики в СПб, 2005
Издание:[3-е изд.]
Серии:Книги Стокгольмской школы экономики в Санкт-Петербурге
Предметы:
Формат: MixedMaterials Книга
Запись в KOHA:https://koha.lib.tpu.ru/cgi-bin/koha/opac-detail.pl?biblionumber=216143

MARC

LEADER 00000nam0a2200000 4500
001 216143
005 20231031194118.0
010 |a 531500032Х 
035 |a (RuTPU)RU\TPU\book\236104 
090 |a 216143 
100 |a 20120522d2005 km y0rusy50 ca 
101 1 |a rus  |c eng 
102 |a RU 
105 |a a z 001zy 
200 1 |a 4D брэндинг. Взламывая корпоративный код сетевой экономики  |e пер. с англ.  |f Т. Гэд 
205 |a [3-е изд.] 
210 |a СПб.  |c Изд-во Стокгольмской школы экономики в СПб  |d 2005 
215 |a 228 с.  |c ил. 
225 1 |a Книги Стокгольмской школы экономики в Санкт-Петербурге 
320 |a Библиография в примечаниях. 
330 |a Книга предлагает революционную четырехмерную модель для понимания сильных и слабых сторон брэнда. Ее можно использовать для создания нового брэнда и анализа существующих. Модель позволяет компаниям разработать собственный уникальный Брэнд-код или Мыслительное поле брэнда, уникальную корпоративную ДНК, чтобы потом использовать это для управления каждым аспектом бизнеса - от производственных инноваций до рекрутмента. 
606 1 |a Брендинг  |x Маркетинг  |2 stltpush  |3 (RuTPU)RU\TPU\subj\67546 
610 1 |a маркетинговая деятельность 
610 1 |a маркетинговая информация 
610 1 |a сетевая экономика 
610 1 |a брэнды 
610 1 |a динамика 
610 1 |a развитие 
610 1 |a управление 
686 |a У821.4  |v LBC/SL-A  |2 rubbk 
700 1 |a Гэд  |b Т.  |g Томас 
702 1 |a Брэнсон  |b Р.  |g Ричард  |4 080 
801 1 |a RU  |b 63413507  |c 20120522 
801 2 |a RU  |b 63413507  |c 20120913  |g RCR 
942 |c BK 
959 |a 80/20120522  |d 1  |e 750,00  |f ЧЗГЛ:1